MARC

LEADER 00000nam0a2200000 4500
001 272470
005 20231101234534.0
035 |a (RuTPU)RU\TPU\book\295676 
090 |a 272470 
100 |a 20141017d1987 k y0rusy50 ca 
101 0 |a rus 
102 |a AM 
105 |a y z 001zy 
200 1 |a Экономико-организационные формы ускорения внедрения передовой техники и технологии  |f А. А. Шамшян  |g Академия наук Армянской ССР (АН АрмССР), Институт экономики (ИЭ) 
210 |a Ереван  |c Изд-во АН АрмССР  |d 1987 
215 |a 139 с. 
320 |a Библиогр.: с. 135-138 
606 1 |a Технические системы  |x Уход и обслуживание  |2 stltpush  |3 (RuTPU)RU\TPU\subj\60080  |9 77570 
610 1 |a экономико-организационные формы 
610 1 |a передовые технологии 
610 1 |a техника 
610 1 |a внедрение 
675 |a 658.58  |v 3 
700 1 |a Шамшян  |b А. А.  |g Армен Арамович 
712 0 2 |a Академия наук Армянской ССР (АН АрмССР)  |b Институт экономики (ИЭ)  |2 stltpush  |3 (RuTPU)RU\TPU\col\14466 
801 1 |a RU  |b 63413507  |c 20141017 
801 2 |a RU  |b 63413507  |c 20170316  |g RCR 
942 |c BK